000 00943nam a2200277 i 4500
001 C2-0341117
003 PPAK
005 20180728142904.0
008 170228s2016 my a|||| ||||| | eng d
020 _a9789673446490
040 _aPPAK
_beng
_cPPAK
_erda
082 0 4 _a371.358
_223
090 0 0 _a371.358
_bBOR
_dG
245 0 0 _aBorderless open access education
264 1 _aSerdang, Selangor :
_bUniversiti Putra Malaysia Press ,
_c2016
300 _a435 pages :
_billustrations ;
_c24 cm
336 _2rdacontent
_atext
337 _2rdamedia
_aunmediated
338 _2rdacarrier
_avolume
500 _aIncludes indexes
650 1 0 _aDistance education - Computer-assisted instruction. ; Education - Effect of technological innovations on. ; Educational technology - Social aspects.
700 0 _aVaratharajoo, Renuganth
_eeditor
700 0 _aFairuz Izzudin Romli,
_eeditor
700 0 _aAini Ideris
_eeditor
942 _ddc
_cB
999 _c138230
_d138230